| 000 | 00551nam a2200193 a 4500 | ||
|---|---|---|---|
| 005 | 20140310183336.0 | ||
| 008 | 060803s19uu xx 00 eng d | ||
| 020 | _a9711202328 | ||
| 050 |
_aHF 5559.P6 _b.M516 2006 |
||
| 100 | _aMejorada, Nenita | ||
| 245 | _aBusiness Finance and Philippine Business Firms./ | ||
| 250 | _a3rd ed. | ||
| 260 |
_aMakati City, Philippines : _bGoodwill Bookstore Trading, _c2004. |
||
| 300 |
_a290 p. : _bill. ; _c26 cm. |
||
| 521 | _aBSBA | ||
| 546 | _aC7678 | ||
| 650 | _aBusiness finance. | ||
| 942 |
_cBK _2lcc _kLOC |
||
| 999 |
_c21682 _d21682 |
||